000
00291 a2200133 4500
001
153301
040
_c
Escola São Tomás de Aquino
100
_a
AZEVEDO, Aluísio
240
1
0
_a
O cortiço
_l
por
245
1
0
_a
O cortiço
300
_a
284
697
_a
LITERATURA BRASILEIRA
942
_c
BK
999
_c
153301
_d
153301